00571nam a2200193Ia 4500008004100000020001300041082001500054100002200069245003400091250000800125260003900133300002800172500000700200600002700207650001500234942000700249952010600256999001500362240925s9999 xx 000 0 und d a71002774 a629.83 RAV aRaven, Francis .H 0aAutomatic Control Engineering a4th aLake Forest:bMc Graw-Hillc,1987. axxv,789p.bNAfOriginal aNA aEngineering Technology aTechnology cBK 001040708ETaUITUbUITUd2001-04-20eNAl0o629.83 RAVpQ3555r2024-09-25 07:13:11w2024-09-25yBK c6054d6054